Ecología química y alelopatía : avances y perspectivas /
Gespeichert in:
| 1. Verfasser: | |
|---|---|
| Weitere Verfasser: | , |
| Format: | Elektronisch E-Book |
| Sprache: | Spanisch |
| Veröffentlicht: |
Ciudad de México : Madrid, España :
Instituto de Ecología, Universidad Nacional Autónoma de Mexico : Plaza y Valdés Editores ; Plaza y Valdés Editores,
[2016]
|
| Schlagworte: | |
| Online-Zugang: | Digitalia Hispánica |
| Tags: |
Tag hinzufügen
Keine Tags, Fügen Sie den ersten Tag hinzu!
|
MARC
| LEADER | 00000nam a2200000 i 4500 | ||
|---|---|---|---|
| 001 | DIGPLAVLDS0168 | ||
| 003 | NyNyDIG | ||
| 006 | m o d | ||
| 007 | cr ||||||||||| | ||
| 008 | 210606s2016 mx ob 000 0 spa d | ||
| 020 | |z 9786074029123 | ||
| 035 | |a (OCoLC)1260289929 | ||
| 040 | |a DGITA |b eng |e rda |e pn |c DGITA | ||
| 050 | 1 | 4 | |a QH541.15.C44 ebook |
| 245 | 0 | 0 | |a Ecología química y alelopatía : |b avances y perspectivas / |c Ana Luisa Anaya Lang, Francisco J. Espinosa García, Manuel J. Reigosa Roger (coordinadores). |
| 264 | 1 | |a Ciudad de México : |b Instituto de Ecología, Universidad Nacional Autónoma de Mexico : |b Plaza y Valdés Editores ; |a Madrid, España : |b Plaza y Valdés Editores, |c [2016] | |
| 300 | |a 1 online resource. | ||
| 336 | |a text |b txt |2 rdacontent | ||
| 337 | |a computer |b c |2 rdamedia | ||
| 338 | |a online resource |b cr |2 rdacarrier | ||
| 347 | |a text file |2 rdaft | ||
| 347 | |b PDF | ||
| 504 | |a Includes bibliographical references. | ||
| 588 | 0 | |a Online resource; title from PDF title page (Digitalia, viewed June 7, 2021) | |
| 650 | 0 | |a Chemical ecology. | |
| 650 | 0 | |a Allelopathy. | |
| 655 | 0 | |a Electronic books. | |
| 700 | 1 | |a Anaya L., Ana Luisa, |e author, |e editor. | |
| 700 | 1 | |a Espinosa García, Francisco J., |e editor. | |
| 700 | 1 | |a Reigosa Roger, Manuel J. | |
| 791 | 2 | |a Digitalia (Firm), |e distributor. | |
| 793 | 0 | |g Digitalia eBook Collection: |a Plaza y Valdés Editores | |
| 776 | 0 | 8 | |i Print version: |t Ecología química y alelopatía. |b Primera edición. |d Ciudad de México : Universidad Nacional Autónoma de Mexico : Plaza y Valdés Editores ; Madrid, España : Plaza y Valdés Editores, [2016] |z 9786074029123 |
| 856 | 4 | 0 | |3 Digitalia Hispánica |u https://digitalia.unach.elogim.com/a/69900/ |
| 910 | |a Premium collection: 2021 | ||